000
00252nam a2200109Ia 4500
008
231212s1976 xx 000 0 und d
041
_a
eng
082
_a
621.384
100
_a
Ramamrutham
245
_a
Steel Tables
260
_a
New Delhi
_b
New Hei
_c
1976
999
_c
957927
_d
957927